000 00866nam a2200253Ia 4500
003 OSt
005 20220923211042.0
006 a|||||r|||| 00| 0
007 ta
008 Pun
020 _a8173807485 (hbk)
_c650
024 _a284,573
037 _b931, 27/03/2015, H.K. Prakashan
_cTextual
040 _aARTS
_cARTS
_bPun
041 _2Pun
_aPun
082 _aQ8441xK66k, 153P1.1
100 _aਸਿੰਘ, ਭਗਵੰਤ ਸਿੰਘ
_9156315
245 0 _aਦਸਮ ਗ੍ਰੰਥ ਤੁਕ ਤਤਕਰਾ
260 _aਪਟਿਆਲਾ
_b ਪੰਜਾਬੀ ਯੂਨੀਵਰਸਿਟੀ
_c2014
300 _a532ਪੰ
_ccm.
650 _aਪੰਜਾਬੀ ਸਾਹਿਤ
942 _hQ8441xK66k, 153P1.1
_cTEXL
_2CC
999 _c294541
_d294541